Rubber wood - fuel or furniture ? (Record no. 68123)

MARC details
000 -LEADER
fixed length control field 00332nam a2200133Ia 4500
245 #0 - TITLE STATEMENT
Title Rubber wood - fuel or furniture ?
260 ## - PUBLICATION, DISTRIBUTION, ETC. (IMPRINT)
Name of publisher Rubber Developments
Year of publication 1975
300 ## - PHYSICAL DESCRIPTION
Number of Pages 38-41
650 ## - SUBJECT ADDED ENTRY--TOPICAL TERM
Topical Term Furniture
650 ## - SUBJECT ADDED ENTRY--TOPICAL TERM
Topical Term Rubber wood
650 ## - SUBJECT ADDED ENTRY--TOPICAL TERM
Topical Term Rubber wood products
942 ## - ADDED ENTRY ELEMENTS (KOHA)
Koha item type Journals
Holdings
Withdrawn status Lost status Damaged status Not for loan Home library Current library Shelving location Date acquired Serial Enumeration / chronology Koha item type
      Journals RRII Library RRII Library Rubber general 17/12/2021 Volume 28, Issue 2 Journals